000 00477nam a2200133Ia 4500
008 250506s9999 xx 000 0 und d
024 _a07A-127-EE, 07A-124-EE, 07A-132-EE & 07A-130-EE
082 _a668.412072 SYE
100 _aSyed Mohammad Sameer Aslam, Usman Ahmed, Ayaz Uddin Ahmed & Faisal Idrees
245 0 _aMicrocontroller Based PCB Drilling Machine
260 _aKarachi:
_bUIT,
_c2007
600 _aElectronic Engineering
650 _aBachelor of Engineering (BE)
999 _c27894
_d27894